Statistics for Daft Punk - One More Time Lyrics

Click here to take the quiz!

General Stats

  • This quiz has been taken 305 times
  • The average score is 155 of 223

Answer Stats

Lyrics% Correct
on,
100%
more
99%
One
99%
time
99%
A
90%
We
88%
celebrate
82%
Celebrate
82%
gonna
74%
the
74%
we're
70%
We're
70%
do
67%
yeah
67%
yeah,
67%
Oh
64%
all
63%
you
63%
You
63%
and
62%
me
62%
so
62%
feeling
59%
got
59%
dancing
57%
right,
56%
right
56%
dance
55%
Music's
55%
it
54%
stop
54%
Don't
53%
don't
53%
free
52%
no
38%
can't
37%
I'm
32%
Come
31%
Tonight
31%
tonight
31%
celebration
30%
Celebration
30%
know
30%
just
29%
Just
29%
too
26%
late
19%
Mmm...
19%
of
18%
Hey!
17%
wait
17%
need
13%
Need,
13%

Score Distribution

Percentile by Number Answered

Percent of People with Each Score

Your Score History

You have not taken this quiz